Library of the University of Algiers 3
Ibrahim Sultan Cheibout
شعار جامعة الجزائر 3
مكتبة جامعة الجزائر 3
إبراهيم سلطان شيبوط

المحاسبة المالية المتقدمة : (رقم التسجيلة. 45220)

تفاصيل مارك
000 -LEADER
fixed length control field 01483nam a2200205Ia 4500
003 - CONTROL NUMBER IDENTIFIER
control field Ost
005 - DATE AND TIME OF LATEST TRANSACTION
control field 20260507075632.0
008 - FIXED-LENGTH DATA ELEMENTS--GENERAL INFORMATION
fixed length control field 260507s9999||||xx |||||||||||||| ||und||
040 ## - CATALOGING SOURCE
Transcribing agency fsecg
041 ## - LANGUAGE CODE
Language code of text/sound track or separate title ara
082 ## - DEWEY DECIMAL CLASSIFICATION NUMBER
Classification number 657.95
100 ## - MAIN ENTRY--PERSONAL NAME
Personal name أبو المكارم، وصفي عبد الفتاح
Relator term مؤلف
245 #0 - TITLE STATEMENT
Title المحاسبة المالية المتقدمة :
Remainder of title المحاسبة على الإنتاج وإعداد القوائم المالية في الشركات القابضة التابعة /
Statement of responsibility, etc. وصفي عبد الفتاح أبو المكارم
260 ## - PUBLICATION, DISTRIBUTION, ETC.
Place of publication, distribution, etc. الإسكندرية:
Name of publisher, distributor, etc. الدار الجامعية,
Date of publication, distribution, etc. 1999
300 ## - PHYSICAL DESCRIPTION
Extent 399 صفحة؛
Dimensions 24 سم
520 ## - SUMMARY, ETC.
Summary, etc. المحاسبة على اندماج الشركات ، الشركات التابعة وإعداد القوائم المالية الموحدة عند السيطرة الكلية على شركة تابعة وفقا لأسلوب الشراء ،الشركات القاضية وإعداد القوائم المالية الموحدة عند السيطرة الجزئية على شركة تابعة وفقا لأسلوب الشراء ،اعداد القوائم المالية الموحدة وفقا لأسلوب اندماج الحقوق ، القوائم المالية الموحدة وكيفية معالجة العمليات المتبادلة بين القابضة والتابعة
653 ## - INDEX TERM--UNCONTROLLED
Uncontrolled term الشركات-إندماج
653 ## - INDEX TERM--UNCONTROLLED
Uncontrolled term الشركات-محاسبة
942 ## - ADDED ENTRY ELEMENTS (KOHA)
Koha item type كتب
المقتنيات
Withdrawn status Lost status Source of classification or shelving scheme Damaged status Not for loan Home library Current library Date acquired Serial enumeration / chronology Inventory number Total checkouts Full call number Barcode Date last seen Price effective from Koha item type
    Dewey Decimal Classification   NOT LOAN / إعارة داخلية مكتبة كلية العلوم الإقتصادية والعلوم التجارية وعلوم التسيير مكتبة كلية العلوم الإقتصادية والعلوم التجارية وعلوم التسيير 07/05/2026 الطابق الأرضي 717/1   أ/717ن1 717/1 07/05/2026 07/05/2026 كتب

موارد الويب المفتوحة


© University of Algiers 3 All Rights Reserved
|
Implemented by LECHELAH Riad